MDQL
is popping MORE tags! Check the
thread
!
Quizzes
Events
Quiz Creation
Community
Videos
Private Events
Remove Ads
Sign In
Join for FREE
Feedback
Dark Mode
Quiz Categories
Sports
Geography
Music
Movies
Television
Just For Fun
Miscellaneous
History
Literature
Language
Science
Gaming
Entertainment
Religion
Holiday
For Kids
Quiz Lab
Recent
Popular Today
Quiz Kudos Today
Editor Picks
Curator Picks
Quizzes by...
Day
Popularity
Type
Ratings
Length
Year
Community
Subscriptions
Recent Discussions
Orange Saloon
Badges
Playlists
Quests
Create
Leaderboards
Showdown
Live 5
Trivia Bingo
Activity
Puzzle Library
Sporcle Events
Private Events
Virtual Trivia
Globe League
Become a Host
Pub Owners
SporcleCon
Opinionation
Our Games
Videos
Blog
Mobile Apps
Partnerships
Remove Ads and Go Orange
Feedback
Gaming
Video Games
Board Games
Card Games
Pokémon
Mario
Nintendo
Minecraft
Console
Toys
Legend of Zelda
Gaming
Video Games
Board Games
Card Games
Pokémon
Mario
Nintendo
Minecraft
Console
Toys
Legend of Zelda
Random Quiz
Search Sporcle
×
Quiz Lab
Quiz Lab
Gaming
State
Type in answers that appear in a list
Type in answers that appear in a list
Classic
Best Score? Go Orange.
Every Twilight Princess Character Stats
Can you name the Twilight Princess Characters?
By
calebk
15m
75 Questions
350 Plays
350 Plays
350 Plays
Comments
Comments
Give Quiz Kudos
Give Quiz Kudos
-
- Ratings
hide this ad
Random Order
Randomize order of answers
Randomize order of answers
Replay
Link that replays current quiz
Next Quiz
Link to next quiz in quiz playlist
You Got
0%
They Got
Avg Score
64%
Avg Friend Score
Upgrade to see
Score Distribution
Jump to the score distribution portion of the page
Score
0/75
Timer
15:00
0
Plays Today
Status
Name
% Correct
Twilight Princess
Midna
95.4%
Protagonist
Link
94%
Sera's Cat
Link the Cat
94%
Princess of Hyrule
Princess Zelda
93.1%
Talo's Brother
Malo
92.9%
Main Antagonist
Ganondorf
92.6%
Twilight Usurper King
Zant
92%
Colin's Father
Rusl
89.1%
Bartender & Member of The Resistance
Telma
88.3%
Rusl's Son
Colin
88%
Link's Horse
Epona
86.9%
Snowpeak Ruins Resident
Yeta
86.9%
Jaggle's Son
Talo
84.9%
Sera's daughter
Beth
84.6%
Snowpeak Ruins Resident
Yeto
84.6%
Light Spirit
Faron
84.3%
Link's Best Friend
Ilia
83.7%
Kakariko Village Shaman
Renado
83.4%
Man turned into gold
Jovani
83.1%
Self-
proclaimed Princess of Bugs
Agitha
82.9%
Light Spirit
Lanayru
82.3%
Light Spirit
Eldin
82%
Goddess of Power
Din
81.7%
Goddess of Wisdom
Farore
81.1%
Light Spirit
Ordona
80%
Mayor of Ordon Village
Mayor Bo
79.7%
Goddess of Courage
Nayru
79.1%
Helps Link Warp
Ooccoo
78.6%
Letter Deliverer
Postman
76.9%
Zora Prince
Prince Ralis
76.9%
Protectors of the Mirror of Twilight, Zelda's Tutors
Ancient Sages
75.4%
Member of the Resistance Studying Owl Statues
Shad
75.1%
Owner of the Bomb Shop
Barnes
74%
Imp in the Sacred Grove
Skull Kid
73.7%
Member of The Resistance Studying the Mountains
Ashei
72.9%
STAR Game Owner
Purlo
72.9%
Late Zora Queen
Queen Rutela
72.9%
Goron Patriarch
Darbus
72.3%
Status
Name
% Correct
Resident of the Cave of Ordeals
Great Fairy
72.3%
Fishing Hole Owner
Hena
72%
Member of The Resistance Studying the Desert
Auru
71.1%
Only Resident of the Hidden Village
Impaz
70.9%
Sundries Shop Owner
Sera
69.7%
Telma's Cat
Louise
69.4%
Helps Link Warp
Ooccoo Jr.
66.3%
Malo's Mother
Pergie
61.1%
Renado's Daughter
Luda
57.4%
Link's Sword Instructor
Hero's Shade
56.9%
Giant Ogre
King Bulblin
55.7%
Goron Elder
Gor Coron
54%
Flight-
by-
Fowl Game Operator
Falbi
53.4%
Rusl's Wife
Uli
53.1%
Pergie's Husband
Jaggle
52.6%
Lake Hylia Cannon Operator
Fyer
52.3%
Owner of Ordon Ranch
Fado
50.9%
Lantern Oil Seller
Coro
49.7%
Owner of the Faron Woods Shop
Trill
45.7%
Fruit Flying Game Manager
Plumm
44.6%
Boat Ride Owner
Iza
42.3%
Jovani's Cat
Gengle
40%
Deity Inside the Gale Boomerang
Fairy of Winds
38.9%
Hena's Bird
Purdy
34%
Castle Town Doctor
Doctor Borville
33.4%
Goron Elder
Gor Ebizo
33.4%
Castle Town Fortuneteller
Fanadi
32.9%
Goron Elder
Gor Amoto
31.7%
Goron Elder
Gor Liggs
29.4%
Giant Boar
Lord Bullbo
28%
Purlo's Fangirl
Hanna
27.7%
Beth's Father
Hanch
26.3%
Castle Town Shoe Shiner
Soal
25.1%
Castle Town Shopkeeper
Chudley
22.9%
Castle Town Beggar
Charlo
22%
Purlo's Fangirl
Kili
21.7%
Purlo's Fangirl
Misha
20.6%
Quiz Playlist
Details
Report
Send in Message
Add To Playlist
Classic:
Type in answers that appear in a list
Random Order:
Randomize order of answers
Last Updated: Feb 16, 2017
Quiz Scoreboard
CHALLENGE
Sign Up to Join the Scoreboard
Show All
Scores
Hide
Comments
May contain spoilers
Recently Published
Street Fighter Characters
by Artimus82
Gaming
60s
9x9 Crossword: Cartoon Network
by jackfrog10
Miscellaneous
3m
College Basketball Coaching Resumes
by pancakes188
Sports
9m
More to Explore
Quiz From the Vault
Featured Blog Post
Where Did the Easter Bunny Come From?
hide this ad
You Might Also Like...
Tags
State Quiz
Character
princess
race
Twilight
Twilight Princess
Today's Top Quizzes in Gaming
Browse Gaming
hide this ad
Today's Top Quizzes in State
Browse State
Top Contributed Quizzes in Gaming
1
5-to-1: Consoles
2
7-to-1: Board Game Piece Blitz
3
5-to-1: Legend of Zelda
4
League of Legends Pro Players by Career/Team History
5
Destiny 2 exotic weapons by perk icons
6
Ultimate Genshin Impact Logic Puzzle (up to 4.3)
7
Franchise by Action Figure
8
Who's on the WWE 2K24 Cover?
9
Genshin Impact Logic Puzzle Quiz
10
Order the Pokémon Regions
Explore More
Trending Topics
NBA
Marvel
Kpop
Harry Potter
Disney
Anime
Crossword
Puzzle
Song
The Office
Soccer
WWE
Pokémon
Country
NFL
hide this ad
More By:
calebk
Quiz
Plays
Rating
Category
Featured
Created
Ocarina of Time Logic Puzzle
1,950
1.90
Gaming
May 7, 2013
Bruce Springsteen Logic Puzzle II
1,748
3.00
Music
Jul 7, 2013
Majora's Mask Logic Puzzle
1,287
2.40
Gaming
May 11, 2013
Legend of Zelda: Twilight Princess Characters by Quote
1,022
5.00
Gaming
Mar 11, 2012
Bruce Springsteen's 'The Promised Land' Lyrics
733
4.67
Music
Jun 1, 2013
Go to Creator's Profile
Score Distribution
Quiz Creator Spotlight
calebk
Follow
Send a Message
Quizzes Created
-
Created Quiz Play Count
-
More By This Creator
Popular Quizzes Today
1
Find the US States - No Outlines Minefield
2
Find the Countries of Europe - No Outlines Minefield
3
The Countries of the World
4
Find the US States
5
Risky Map Clicking: Biggest States A-Z
6
US States
7
Popular People in 1961
8
Movies - When Are They Set?
More Gaming Quizzes
Can you name every Gun in RUST?
Quiz Lab
Trending Quizzes
Risky Map Clicking: Least Populous States A-Z
1-10 Letter G Words
Risky Map Clicking: Next State Alphabetically
Adjectives in 80s TV Shows
The Seven Year Switch: Catherine
Recently Updated
Leaping Animals
pecheneg
Reality TV Shows (A-Z)
bhenderson79
Rickey Henderson's Hall of Fame Teammates
pecheneg
Champions League XIs: Arsenal
pecheneg
Quick Pick: Celebrities in WWE's Hall of Fame
aduchscher
A-Z Keypad Blitz II
pecheneg
Multiple Oscar Actors
pecheneg
Mystery Phrase Blitz: Oscar 'Best Actors'
pecheneg
F. Scott Fitzgerald Novels
LTH
Pick 3 Villains
ddd62291
Trending Topics
NBA
Kpop
Disney
Marvel
Anime
Crossword
Harry Potter
The Office
Country
Soccer
Song
WWE
Puzzle
NFL
Pokémon
Your Account Isn't Verified!
In order to create a playlist on Sporcle, you need to verify the email address you used during registration. Go to your
Sporcle Settings
to finish the process.
Report this User
Report this user for behavior that violates our
Community Guidelines
.
Details:
Send Report
Go to the Sporcle.com Mobile Site →
Comments